[Event "Metropolitan Qual 24th"]
[Site "Los Angeles"]
[Date "2012.12.23"]
[Round "4"]
[White "Zaloznyy, Mike"]
[Black "Ganesh, Vikram"]
[Result "1/2-1/2"]
[WhiteElo "2009"]
[BlackElo "1676"]
[PlyCount "58"]
[EventDate "2012.12.21"]
[EventType "swiss"]
[EventRounds "5"]
[EventCountry "USA"]
[SourceTitle "EXT 2014"]
[Source "ChessBase"]
[SourceDate "2013.11.20"]
[SourceVersion "1"]
[SourceVersionDate "2013.11.20"]
[SourceQuality "1"]

1. e4 c6 2. d4 d5 3. exd5 cxd5 4. c4 Nf6 5. Nc3 Nc6 6. Bg5 dxc4 7. Nf3 Bg4 8. Qa4 Bxf3 9. gxf3 Qa5 10. Qxa5 Nxa5 11. Nb5 Kd7 12. Na3 e6 13. Nxc4 Bb4+ 14. Kd1 Nxc4 15. Bxc4 Rhd8 16. Ke2 Ke8 17. Bxf6 gxf6 18. Rhg1 Ke7 19. Rg4 Rd6 20. Bd3 Rad8 21. Rc1 Ba5 22. Rc5 Bb6 23. Rh5 f5 24. Rg1 Bxd4 25. Rxh7 Bxb2 26. Rb1 Rxd3 27. Rxb2 b6 28. Rc2 Kf6 29. Rh4 R3d4 1/2-1/2

[Event "San Francisco TNM Marathon op"]
[Site "San Francisco"]
[Date "2012.08.28"]
[Round "5"]
[White "Traub, Igor Vladimirovich"]
[Black "Ganesh, Vikram"]
[Result "1/2-1/2"]
[WhiteElo "2135"]
[BlackElo "1880"]
[PlyCount "72"]
[EventDate "2012.07.31"]
[EventType "swiss"]
[EventRounds "9"]
[EventCountry "USA"]
[SourceTitle "EXT 2014"]
[Source "ChessBase"]
[SourceDate "2013.11.20"]
[SourceVersion "1"]
[SourceVersionDate "2013.11.20"]
[SourceQuality "1"]

1. c4 Nf6 2. Nf3 c5 3. g3 d5 4. Bg2 Nc6 5. 0-0 e5 6. cxd5 Nxd5 7. Qb3 Nc7 8. d3 Be7 9. Nc3 Bd7 10. h4 Rb8 11. Be3 Be6 12. Qd1 0-0 13. Rc1 b6 14. Ng5 Bxg5 15. Bxg5 Qd7 16. Kh2 f6 17. Bd2 Nd4 18. f4 Bg4 19. Qe1 Ncb5 20. e3 Nxc3 21. Rxc3 Nb5 22. Rc1 Qxd3 23. Rf2 Nd6 24. e4 Qa6 25. Bc3 Rfe8 26. Qd2 Nf7 27. Bf1 Qb7 28. Re1 Rbd8 29. Qc2 Bd7 30. Bc4 Be6 31. Bb5 Bd7 32. Bc4 Be6 33. Bb5 Re7 34. h5 a6 35. Be2 Bd7 36. Rd1 a5 1/2-1/2

[Event "San Francisco TNM Spring op"]
[Site "San Francisco"]
[Date "2012.04.24"]
[Round "7"]
[White "Campers, William"]
[Black "Ganesh, Vikram"]
[Result "1-0"]
[WhiteElo "1649"]
[BlackElo "1831"]
[PlyCount "71"]
[EventDate "2012.03.13"]
[EventType "swiss"]
[EventRounds "8"]
[EventCountry "USA"]
[SourceTitle "EXT 2014"]
[Source "ChessBase"]
[SourceDate "2013.11.20"]
[SourceVersion "1"]
[SourceVersionDate "2013.11.20"]
[SourceQuality "1"]

1. e4 e5 2. Nf3 Nc6 3. Bb5 a6 4. Ba4 Nf6 5. d3 d6 6. c3 b5 7. Bc2 Be7 8. 0-0 Bg4 9. Nbd2 0-0 10. h3 Bh5 11. Qe2 b4 12. Ba4 bxc3 13. bxc3 Na5 14. Rb1 Rb8 15. Rxb8 Qxb8 16. Bc2 c5 17. Rd1 Qc7 18. Nf1 Nc6 19. Ng3 Bg6 20. Nh4 Qa5 21. Nhf5 h6 22. Bd2 Qxa2 23. Bxh6 gxh6 24. Qd2 Nh7 25. Qxh6 Bf6 26. Bb1 Qb3 27. Rc1 Ne7 28. h4 Bxf5 29. exf5 Qa4 30. c4 Qd7 31. d4 Bg7 32. Qh5 Nf6 33. Qg5 Nh7 34. Qh5 Bf6 35. Ne4 Qxf5 36. Ng5 1-0

[Event "San Francisco TNM Spring op"]
[Site "San Francisco"]
[Date "2012.04.10"]
[Round "5"]
[White "Andries, Craig"]
[Black "Ganesh, Vikram"]
[Result "1-0"]
[WhiteElo "1950"]
[BlackElo "1831"]
[PlyCount "131"]
[EventDate "2012.03.13"]
[EventType "swiss"]
[EventRounds "8"]
[EventCountry "USA"]
[SourceTitle "EXT 2014"]
[Source "ChessBase"]
[SourceDate "2013.11.20"]
[SourceVersion "1"]
[SourceVersionDate "2013.11.20"]
[SourceQuality "1"]

1. e4 e5 2. d3 Nf6 3. Nf3 Nc6 4. Nbd2 d5 5. g3 dxe4 6. dxe4 Bc5 7. Bg2 0-0 8. 0-0 Bg4 9. Re1 Qd7 10. c3 Rad8 11. Qe2 Qd3 12. Bf1 Qxe2 13. Bxe2 Bb6 14. Kg2 Bh5 15. h3 Bg6 16. Bf1 a6 17. Nh4 Nh5 18. Bc4 Na5 19. Nxg6 hxg6 20. Be2 Nc6 21. a4 Nf6 22. f3 Nd7 23. b4 f5 24. Bc4+ Kh8 25. Bd5 f4 26. g4 Nf6 27. Bb3 Rd3 28. Nb1 Nxb4 29. Ba3 c5 30. cxb4 Rxb3 31. bxc5 Ba5 32. Rd1 Rd8 33. Rxd8+ Bxd8 34. Nd2 Rc3 35. Ra2 Nd7 36. Nb1 Rc4 37. Rd2 Rd4 38. Rxd4 exd4 39. Nd2 d3 40. Nc4 Ne5 41. Nb2 Bh4 42. Bb4 Bf6 43. Kf2 Nxg4+ 44. hxg4 Bxb2 45. Ke1 Bc1 46. Bd2 Ba3 47. Bxf4 Bxc5 48. Kd2 Kg8 49. Kxd3 Kf7 50. Kc4 Bf2 51. Be5 g5 52. Kd5 g6 53. Bd6 b5 54. axb5 axb5 55. Bb4 Be3 56. Kc6 Bf2 57. Kxb5 Kf6 58. Kc6 Be3 59. Kd5 Bf4 60. Bc5 Bd2 61. Bd4+ Kf7 62. e5 Bf4 63. Kc6 Bc1 64. Kd7 Ba3 65. e6+ Kf8 66. Bf6 1-0

[Event "San Francisco TNM Winter op"]
[Site "San Francisco"]
[Date "2012.02.07"]
[Round "6"]
[White "Banik, Siddharth G"]
[Black "Ganesh, Vikram"]
[Result "1/2-1/2"]
[WhiteElo "1998"]
[BlackElo "1830"]
[PlyCount "70"]
[EventDate "2012.01.03"]
[EventType "swiss"]
[EventRounds "8"]
[EventCountry "USA"]
[SourceTitle "EXT 2014"]
[Source "ChessBase"]
[SourceDate "2013.11.20"]
[SourceVersion "1"]
[SourceVersionDate "2013.11.20"]
[SourceQuality "1"]

1. e4 c6 2. d4 d5 3. e5 Bf5 4. Nf3 e6 5. Be2 c5 6. Be3 Nd7 7. 0-0 Ne7 8. c4 cxd4 9. Bxd4 dxc4 10. Na3 Nc6 11. Nxc4 Be7 12. Nd6+ Bxd6 13. exd6 0-0 14. Rc1 Rc8 15. Bb5 Qa5 16. Qa4 Qxa4 17. Bxa4 a6 18. Rfd1 Be4 19. Be3 Rfd8 20. Nd4 Bd5 21. Nxc6 bxc6 22. Rc2 Nf6 23. Bc5 Ne4 24. Ba3 Nxd6 25. Bxc6 Rxc6 26. Rxc6 Bxc6 27. Rxd6 Rxd6 28. Bxd6 f6 29. g3 e5 30. Kf1 Kf7 31. Ke1 Ke6 32. Bf8 Kf7 33. Bc5 Ke6 34. Kd2 f5 35. Kc3 Bb5 1/2-1/2